| 000 | 003320000a22001450004500 | ||
|---|---|---|---|
| 003 | MACL | ||
| 040 | _aMACL | ||
| 090 |
_c2817 _d2817 |
||
| 100 | _aJoshi, Dr. K S | ||
| 245 |
_aYogic Pranayama _bbreathing For Long Life & Good Health |
||
| 260 |
_bOrient Paperbacks _c1983 |
||
| 350 | _a75 | ||
| 650 | _aPhilisophy | ||
| 942 |
_cBOOK _k181 |
||
| 999 |
_c2798 _d2798 |
||